Information needs and use pattern: A study with special reference to the scientists in the Rubber Research Institute of India (Record no. 52585)

MARC details
000 -LEADER
fixed length control field 00498nam a2200121Ia 4500
100 ## - MAIN ENTRY--AUTHOR NAME
Personal name Korah A.C.
245 #0 - TITLE STATEMENT
Title Information needs and use pattern: A study with special reference to the scientists in the Rubber Research Institute of India
260 ## - PUBLICATION, DISTRIBUTION, ETC. (IMPRINT)
Name of publisher M.L.I.Sc. Dissertation, Department of Library and Information Science, University of Kerala, Trivandrum, India, 128 p.
Year of publication 1989
650 ## - SUBJECT ADDED ENTRY--TOPICAL TERM
Topical Term Information need
650 ## - SUBJECT ADDED ENTRY--TOPICAL TERM
Topical Term Use pattern
942 ## - ADDED ENTRY ELEMENTS (KOHA)
Koha item type Bibliography STAF
Holdings
Withdrawn status Lost status Damaged status Not for loan Home library Current library Date acquired Koha item type
      Bibliography RRII Library RRII Library 09/04/2014 Bibliography STAF